100 joueurs mexicains avec la plus grosse valeur marchande - Statistiques

Statistiques générales
  • Ce quiz a été pris 14 fois
  • Le résultat moyen est 15 sur 100
Statistiques - réponses
Club Prix Réponse % Correct
West Ham United 35 millions Edson Alvarez
77%
Club Tijuana 6 millions Efrain Alvarez
77%
Club America 7 millions Kevin Alvarez
77%
PSV Eindhoven 25 millions Hirving Lozano
69%
Club Tijuana 1,5 millions Antonio Rodriguez
54%
Cruz Azul 8 millions Carlos Rodriguez
54%
Salernitana 1,5 millions Guillermo Ochoa
54%
Club Leon 2 millions Ivan Rodriguez
54%
LA Galaxy 2 millions Javier Hernandez
54%
Club Leon 3,2 millions Osvaldo Rodriguez
54%
Los Angeles FC 2,5 millions Carlos Vela
46%
CD Guadalajara 1,5 millions Miguel Jimenez
46%
Fulham 6 millions Raul Jimenez
46%
Pachuca 8 millions Erick Sanchez
38%
Houston Dynamo 2,8 millions Hector Herrera
38%
Deportivo Toluca 1,5 millions Ivan Lopez
38%
Pachuca 5 millions Javier Eduardo Lopez
38%
FC Porto 5 millions Jorge Sanchez
38%
The Strongest La Paz 1,5 millions Leonel Lopez
38%
Tigres UANL 3,5 millions Ozziel Herrera
38%
Santos Laguna 2 millions Raul Lopez
38%
Feyenoord Rotterdam 25 millions Santiago Gimenez
38%
Betis Seville 1,5 millions Andres Guardado
31%
CF Monterrey 8 millions Jesus Corona
31%
Deportivo Toluca 3 millions Briana Garcia
23%
CD Guadalajara 6 millions Erick Gutierrez
23%
AEK Athenes 5 millions Orbelin Pineda
23%
CF Monterrey 7 millions Arturo Gonzalez
15%
Almeria 8 millions Cesar Montes
15%
Tigres UANL 2,5 millions Diego Lainez
15%
Tigres UANL 2 millions Diego Reyes
15%
CD Guadalajara 1,8 millions Fernando Gonzalez
15%
Club America 6 millions Henry Martin
15%
Club America 5 millions Israel Reyes
15%
Chicago Fire 5 millions Jairo Torres
15%
Atlas Guadalajara 1,8 millions Luis Reyes
15%
Club America 3,5 millions Salvador Reyes
15%
Cruz Azul 4 millions Carlos Salcedo
8%
Genk 7 millions Gerardo Arteaga
8%
Atlas Guadalajara 3,5 millions Jeremy Marquez
8%
Genoa 3,6 millions Johan Vasquez
8%
Dynamo Moscou 8 millions Luis Chavez
8%
Deportivo Toluca 5 millions Marcel Ruiz
8%
Santos Laguna 5 millions Omar Campos
8%
Atletico San Luis 2 millions Ricardo Chavez
8%
AEK Athenes 3,5 millions Rodolfo Pizarro
8%
Cruz Azul 4 millions Uriel Antuna
8%
Santos Laguna 5 millions Alan Cervantes
0%
CD Guadalajara 4,5 millions Alan Mozo
0%
Sporting Kansas City 3 millions Alan Pulido
0%
Atlas Guadalajara 3 millions Aldo Rocha
0%
CD Guadalajara 1,5 millions Alejandro Mayorga
0%
Club Necaxa 2,8 millions Alexis Pena
0%
CD Guadalajara 7,5 millions Alexis Vega
0%
CD Guadalajara 1,5 millions Antonio Briseno
0%
Pumas UNAM 1,5 millions Arturo Ortiz
0%
Santos Laguna 5 millions Carlos Acevedo
0%
CD Guadalajara 2 millions Cristian Calderon
0%
Club Tijuana 1,8 millions Diego Barbosa
0%
Atlas Guadalajara 2 millions Eduardo Aguirre
0%
Club America 3 millions Emilio Lara
0%
CF Monterrey 4 millions Erick Aguirre
0%
Cruz Azul 4,5 millions Erik Lira
0%
CD Guadalajara 6 millions Fernando Beltran
0%
Club Leon 4 millions Fidel Ambriz
0%
CD Guadalajara 4 millions Gilberto Sepulveda
0%
Tigres UANL 1,8 millions Javier Aquino
0%
Atletico San Luis 1,5 millions Javier Guemez
0%
FC Juarez 1,8 millions Javier Salas
0%
Tigres UANL 7 millions Jesus Angulo
0%
Deportivo Toluca 2 millions Jesus Angulo
0%
CF Monterrey 5 millions Jesus Gallardo
0%
Tigres UANL 3 millions Jesus Garza
0%
CD Guadalajara 5,5 millions Jesus Orozco Chiquete
0%
CF Monterrey 2 millions Jordi Cortizo
0%
Atlas Guadalajara 1,5 millions Jose Abella
0%
Etar 1,5 millions Josecarlos Van Rankin
0%
Club Nexaca 2,5 millions Jose Esquivel
0%
CD Guadalajara 3 millions Jose Juan Macias
0%
Tigres UANL 1,5 millions Juan Pablo Vigon
0%
Las Palmas 3,5 millions Julian Araujo
0%
Club America 4,5 millions Luis Malagon
0%
Mazatlan FC 1,5 millions Luis Olivas
0%
CF Monterrey 6,5 millions Luis Romo
0%
Puebla FC 1,5 millions Martin Barragan
0%
Santos Laguna 4,5 millions Matheus Doria
0%
Deportivo Toluca 4 millions Mauricio Isais
0%
Minnesota United 2 millions Miguel Tapias
0%
Club AMerica 2 millions Nestor Araujo
0%
Tigres UANL 2,5 millions Raymundo Fulgencio
0%
CD Guadalajara 5,5 millions Roberto Alvarado
0%
Pachuca 1,5 millions Roberto De La Rosa
0%
Mazatlan FC 2,5 millions Roberto Meraz
0%
Cruz Azul 2,5 millions Rodrigo Huescas
0%
CF Monterrey 3,2 millions Rogelio Funes Mori
0%
CD Guadalajara 1,5 millions Ronaldo Cisneros
0%
Tigres UANL 6,5 millions Sebastian Cordova
0%
Mazatlan FC 1,5 millions Sergio Flores
0%
CD Guadalajara 7 millions Victor Guzman
0%
CF Monterrey 6 millions Victor Guzman
0%
Aucun quiz correspondant
Distribution des résultats
% des personnes avec chaque résultat
Percentile par nombre de réponses
Votre historique - résultats
Vous n’avez pas pris ce quiz